01339 a2200169 4500003000500000005001700005010001600022020001500038040000900053082001200062100001600074245002700090260003500117300003400152505097000186650001301156Nust20221128123651.0 a 77028180 a0023894601 cNust00a530,ORE1 aOrear, Jay.10aPhysics / cJay Orear. aNew York :bMacmillan,cc1979. axvi, 752 p. :bill. ;c24 cm. aIntroduction (Page-1), One-Dimensional Motion (Page-22), Tow- Dimensional Motion (Page-38), Dynamics (Page-55) Gravitation (Page-79) Work and Energy (Page-97) Conservation of Energy (Page-115), Relativistic Kinematics (Page-144), Relativistic Dynamics (Page-169), Rotational Motion (Page-190), Oscillatory Motion (Page-215), Kinetic Theory (Page-234), Thermodynamics (Page-253), Second Law of Thermodynamics (Page-270), Electrostatic Force (Page-290), Electrostatics (Page-308), Current and Magnetic Force (Page-335), Magnetic Fields (Page-365), Electromagnetic Induction (Page-384), Electromagnetic Radiation and Waves (Page-417), Interaction of Radiation with Matter (Page-422), Wave Interference (Page-473), Optics (Page-496), The Wave Nature of Matter (Page-525), Quantum Mechanics (Page-541), The Hydrogen Atom (Page-564), Atomic Physics (Page-590), Condensed Matter (Page-608), Nuclear Physics (Page-642), Astrophysics (Page-677), Particle Physics (Page-698). 0aPhysics.